| 000 | 00354nam a22001217a 4500 | ||
|---|---|---|---|
| 008 | 230313b |||||||| |||| 00| 0 eng d | ||
| 022 | _a0037-010X | ||
| 040 |
_aNational Science Library _cNational Science Library |
||
| 245 | _aSeafood export journal | ||
| 260 |
_aCochin: _bSeafood Exporters Association of India, _c1969 |
||
| 310 | _aMonthly | ||
| 942 | _cCR | ||
| 999 |
_c8117 _d8117 |
||